[Event "Sharjah Masters 3rd"]
[Site "Sharjah"]
[Date "2019.03.27"]
[Round "6"]
[White "Paramzina, Anastasya"]
[Black "Nasanjargal, Urtnasan"]
[Result "0-1"]
[WhiteElo "2196"]
[BlackElo "2503"]
[PlyCount "130"]
[EventDate "2019.03.22"]
[EventType "swiss"]
[EventRounds "9"]
[EventCountry "UAE"]
[SourceTitle "CBM 189 Extra"]
[Source "ChessBase"]
[SourceDate "2019.05.31"]
[SourceVersion "1"]
[SourceVersionDate "2019.05.31"]
[SourceQuality "1"]

1. e4 g6 2. d4 Bg7 3. c3 d6 4. Bc4 Nf6 5. Qe2 0-0 6. Nf3 Nc6 7. 0-0 e5 8. dxe5 dxe5 9. b4 a6 10. a4 Nh5 11. Rd1 Qe8 12. Ba3 Nf4 13. Qf1 Be6 14. b5 Bxc4 15. Qxc4 axb5 16. axb5 Na5 17. Qa2 Qc8 18. h3 Rd8 19. Rxd8+ Qxd8 20. Kh2 Qd3 21. Nbd2 Qxb5 22. Bb4 b6 23. Nc4 Bf6 24. Bxa5 bxa5 25. Nxa5 c6 26. Nd2 Bd8 27. Ndc4 Ne6 28. Qd2 Bxa5 29. Nxa5 Nc5 30. c4 Qb6 31. f3 Ne6 32. Nb3 Rxa1 33. Nxa1 Nd4 34. Qa2 Qc5 35. Kg3 Kg7 36. h4 Qb4 37. Kf2 h5 38. Ke3 Qc3+ 39. Kf2 c5 40. Kf1 Qc1+ 41. Kf2 Qc3 42. Kf1 Qe3 43. Qb1 Qe2+ 44. Kg1 Qxc4 45. Kh2 Qe2 46. Qb8 Nxf3+ 47. Kg3 Ne1 48. Qxe5+ Kh7 49. Qc3 Qxe4 50. Kf2 Nd3+ 51. Kg1 Qe3+ 52. Kh2 Qf4+ 53. Kg1 Qf2+ 54. Kh2 Qxh4+ 55. Kg1 Qf2+ 56. Kh2 Nf4 57. Qg3 Qxg3+ 58. Kxg3 g5 59. Kf3 f5 60. g3 Ne6 61. Nc2 Kg6 62. Ke3 g4 63. Ne1 Kg5 64. Ng2 c4 65. Kd2 Nc5 0-1

[Event "Sharjah Masters 3rd"]
[Site "Sharjah"]
[Date "2019.03.24"]
[Round "3"]
[White "Nasanjargal, Urtnasan"]
[Black "Maghsoodloo, Parham"]
[Result "1/2-1/2"]
[WhiteElo "2503"]
[BlackElo "2673"]
[PlyCount "184"]
[EventDate "2019.03.22"]
[EventType "swiss"]
[EventRounds "9"]
[EventCountry "UAE"]
[SourceTitle "CBM 189 Extra"]
[Source "ChessBase"]
[SourceDate "2019.05.31"]
[SourceVersion "1"]
[SourceVersionDate "2019.05.31"]
[SourceQuality "1"]

1. Nf3 d6 2. e4 Nf6 3. Nc3 g6 4. d4 Nc6 5. d5 Nb8 6. h3 Bg7 7. Be3 0-0 8. Be2 e5 9. 0-0 c6 10. a4 cxd5 11. exd5 Na6 12. Nb5 Nb4 13. c4 a5 14. Ne1 b6 15. Nc2 Nxc2 16. Qxc2 Ba6 17. b4 axb4 18. Qb3 Bxb5 19. cxb5 Ne4 20. Qxb4 f5 21. Ra3 Nc5 22. Rb1 e4 23. Qc4 Rc8 24. a5 bxa5 25. b6 Nb7 26. Qa4 f4 27. Bd4 f3 28. Bf1 Bxd4 29. Qxd4 Nc5 30. g3 Rb8 31. Rxa5 Rxb6 32. Ra7 Rf7 33. Rxf7 Kxf7 34. Rxb6 Qxb6 35. Qh8 Qb7 36. Qxh7+ Kf6 37. Qh8+ Qg7 38. Qd8+ Qe7 39. Qh8+ Kf7 40. Bb5 Qf6 41. Qh7+ Qg7 42. Be8+ Kf6 43. Qh4+ g5 44. Qh5 Ke7 45. Bb5 Kf6 46. Kh2 Ke5 47. h4 Kxd5 48. hxg5 Ne6 49. Qe8 Qxg5 50. Bc6+ Ke5 51. Bd7 Qf6 52. Qh5+ Kd4 53. Bc6 Qg5 54. Qh7 Nc5 55. Qh8+ Qe5 56. Qh6 Kc4 57. Qc1+ Qc3 58. Qf1+ Kd4 59. Qd1+ Qd3 60. Qa1+ Kc4 61. Qa2+ Kc3 62. Qa1+ Kd2 63. Qb2+ Qc2 64. Qxc2+ Kxc2 65. g4 Kd3 66. Kg3 Kd4 67. Kf4 Nd3+ 68. Kf5 Nxf2 69. g5 d5 70. g6 Nd3 71. g7 f2 72. g8Q f1Q+ 73. Ke6 Nc5+ 74. Ke7 Qf5 75. Qg1+ e3 76. Qa1+ Ke4 77. Qh1+ Kf4 78. Qh2+ Ke4 79. Qh1+ Kd4 80. Qa1+ Kc4 81. Qc1+ Kb4 82. Qxe3 Nb3 83. Qb6+ Kc3 84. Qe3+ Kb2 85. Qe2+ Kc1 86. Qe3+ Kc2 87. Kd6 Qf6+ 88. Kxd5 Qd8+ 89. Kc4 Qg8+ 90. Bd5 Qc8+ 91. Kb4 Qc5+ 92. Qxc5+ Nxc5 1/2-1/2

[Event "Ho Chi Minh City HD Bank op 9th"]
[Site "Ho Chi Minh City"]
[Date "2019.03.11"]
[Round "7"]
[White "Pham, Le Thao Nguyen"]
[Black "Nasanjargal, Urtnasan"]
[Result "1/2-1/2"]
[WhiteElo "2374"]
[BlackElo "2503"]
[PlyCount "112"]
[EventDate "2019.03.07"]
[EventType "swiss"]
[EventRounds "9"]
[EventCountry "VIE"]
[SourceTitle "CBM 189 Extra"]
[Source "ChessBase"]
[SourceDate "2019.05.31"]
[SourceVersion "1"]
[SourceVersionDate "2019.05.31"]
[SourceQuality "1"]

1. d4 g6 2. Nf3 Nf6 3. g3 d5 4. Bg2 c6 5. 0-0 Bg7 6. Nbd2 0-0 7. c3 Ne4 8. Nxe4 dxe4 9. Ng5 f5 10. Qb3+ Qd5 11. f3 h6 12. Nh3 exf3 13. exf3 Qxb3 14. axb3 g5 15. Re1 Bf6 16. Nf2 Na6 17. Nd3 Rd8 18. Bf1 Nc7 19. b4 Rd6 20. Be3 Kg7 21. Bf2 a6 22. Nc5 Ne6 23. Na4 Nc7 24. Nc5 Ne6 25. Na4 Rb8 26. Bd3 b6 27. Bxf5 Nxd4 28. Be4 Nb3 29. Bxb6 Nxa1 30. Bc7 Rb5 31. Bxd6 exd6 32. Rxa1 Bb7 33. Rd1 Be7 34. Bd3 Re5 35. Nb6 c5 36. Nc4 Re6 37. bxc5 Bxf3 38. Bf5 Rf6 39. Re1 Bf8 40. g4 dxc5 41. Ne5 Bb7 42. Nd7 Rf7 43. Nxf8 Kxf8 44. Re6 Bc8 45. Rxh6 Bxf5 46. gxf5 Rb7 47. Rxa6 Rxb2 48. Rc6 Kf7 49. Rxc5 Kf6 50. h3 Rc2 51. c4 Rd2 52. Rc8 Kxf5 53. Rf8+ Ke4 54. Rf2 Rd3 55. Kg2 Rc3 56. Rf8 Rxc4 1/2-1/2

[Event "Ho Chi Minh City HD Bank op 9th"]
[Site "Ho Chi Minh City"]
[Date "2019.03.10"]
[Round "5"]
[White "Nasanjargal, Urtnasan"]
[Black "Xu, Minghui"]
[Result "1-0"]
[WhiteElo "2503"]
[BlackElo "2293"]
[PlyCount "95"]
[EventDate "2019.03.07"]
[EventType "swiss"]
[EventRounds "9"]
[EventCountry "VIE"]
[SourceTitle "CBM 189 Extra"]
[Source "ChessBase"]
[SourceDate "2019.05.31"]
[SourceVersion "1"]
[SourceVersionDate "2019.05.31"]
[SourceQuality "1"]

1. d4 d5 2. c4 e6 3. Nf3 Nf6 4. g3 Bb4+ 5. Bd2 Be7 6. Bg2 0-0 7. 0-0 Nbd7 8. Qc2 c6 9. Rd1 b6 10. b3 a5 11. Bc3 Bb7 12. Nbd2 c5 13. Ne5 cxd4 14. Bxd4 Bc5 15. Qb2 Bxd4 16. Qxd4 Nxe5 17. Qxe5 Qb8 18. Qd4 dxc4 19. Bxb7 Qxb7 20. Nxc4 b5 21. Nd6 Qa6 22. Rac1 Rfd8 23. e4 b4 24. Rc4 Rd7 25. Rd2 h6 26. e5 Nd5 27. Qg4 Rad8 28. Qh5 Kf8 29. Rd3 Rxd6 30. exd6 Qxd6 31. Rf3 Qd7 32. Qe5 Qd6 33. Qxd6+ Rxd6 34. Rc8+ Ke7 35. Ra8 f5 36. Rxa5 Rc6 37. Rd3 Rc2 38. Rd1 Kf6 39. Ra6 Nc3 40. Re1 Ne4 41. h4 Kf7 42. f3 Nxg3 43. Rexe6 f4 44. Rec6 Rb2 45. Ra7+ Kg8 46. Rcc7 Nf5 47. h5 Kh8 48. Ra8+ 1-0

[Event "Ho Chi Minh City HD Bank op 9th"]
[Site "Ho Chi Minh City"]
[Date "2019.03.09"]
[Round "4"]
[White "Huang, Renjie"]
[Black "Nasanjargal, Urtnasan"]
[Result "1/2-1/2"]
[WhiteElo "2335"]
[BlackElo "2503"]
[PlyCount "124"]
[EventDate "2019.03.07"]
[EventType "swiss"]
[EventRounds "9"]
[EventCountry "VIE"]
[SourceTitle "CBM 189 Extra"]
[Source "ChessBase"]
[SourceDate "2019.05.31"]
[SourceVersion "1"]
[SourceVersionDate "2019.05.31"]
[SourceQuality "1"]

1. e4 g6 2. d4 Bg7 3. Nf3 d6 4. c4 Nf6 5. Nc3 0-0 6. Be2 e5 7. 0-0 Nc6 8. dxe5 dxe5 9. Qxd8 Rxd8 10. Bg5 Rf8 11. h3 Nd4 12. Nxd4 exd4 13. Bxf6 Bxf6 14. Nd5 Bd8 15. Bg4 f5 16. exf5 h5 17. Bf3 c6 18. Nf4 Bxf5 19. Rfe1 Ba5 20. Re7 Rae8 21. Rxe8 Rxe8 22. Rd1 Bc7 23. g4 hxg4 24. hxg4 Be4 25. Bxe4 Rxe4 26. Nd3 Rxg4+ 27. Kf1 Kf7 28. Ke2 Rh4 29. Kf3 b6 30. b4 g5 31. Re1 g4+ 32. Ke4 g3+ 33. f4 Rh2 34. Rg1 Re2+ 35. Kxd4 g2 36. Ne1 Bd6 37. Kd3 Rxa2 38. Nc2 Bf8 39. f5 Rb2 40. Rxg2 Bxb4 41. Rg6 Rb3+ 42. Ke4 Bc5 43. Nd4 Bxd4 44. Kxd4 c5+ 45. Ke5 Re3+ 46. Kd5 Re8 47. Kc6 Re4 48. Kb5 Re1 49. Rh6 Rb1+ 50. Ka6 Ra1+ 51. Kb5 Kg7 52. Rg6+ Kf7 53. Rh6 Ke7 54. Kc6 Ra4 55. Kd5 Kf7 56. Ke5 Rxc4 57. Rh7+ Kg8 58. Rxa7 Rc1 59. Rb7 Rb1 60. Kd5 c4 61. Kxc4 Rf1 62. Rxb6 Rxf5 1/2-1/2

[Event "Ho Chi Minh City HD Bank op 9th"]
[Site "Ho Chi Minh City"]
[Date "2019.03.08"]
[Round "3"]
[White "Nasanjargal, Urtnasan"]
[Black "Hoang, Thi Bao Tram"]
[Result "1-0"]
[WhiteElo "2503"]
[BlackElo "2301"]
[PlyCount "151"]
[EventDate "2019.03.07"]
[EventType "swiss"]
[EventRounds "9"]
[EventCountry "VIE"]
[SourceTitle "CBM 189 Extra"]
[Source "ChessBase"]
[SourceDate "2019.05.31"]
[SourceVersion "1"]
[SourceVersionDate "2019.05.31"]
[SourceQuality "1"]

1. c4 e6 2. d4 d5 3. Nf3 Nf6 4. g3 dxc4 5. Bg2 Bb4+ 6. Bd2 Be7 7. Qa4+ Nbd7 8. 0-0 0-0 9. Qxc4 a6 10. Rd1 c5 11. Qc2 Qb6 12. Bc3 Qc7 13. Nbd2 b5 14. dxc5 Qxc5 15. Nd4 Nd5 16. N2b3 Qc7 17. Nf5 Bf6 18. Rac1 N7b6 19. Bxf6 Qxc2 20. Rxc2 gxf6 21. a3 Ra7 22. Nd6 Ne7 23. Na5 Bd7 24. Bb7 f5 25. f3 Rd8 26. Kf2 Kf8 27. b3 Be8 28. Rdd2 Nbd5 29. Nxe8 Rxe8 30. h3 Nf6 31. g4 Rb8 32. g5 Ne8 33. Rd7 Nd5 34. Rc6 Ne7 35. Rc5 Nd5 36. Rc6 Ne7 37. Rb6 Nd5 38. Bxd5 Rxd7 39. Rxb8 Rxd5 40. Ra8 Rd6 41. b4 e5 42. h4 f6 43. Nb7 Rc6 44. Nc5 fxg5 45. hxg5 Kf7 46. Nxa6 Nd6 47. Ra7+ Kg6 48. Nb8 Rc8 49. Nd7 Nc4 50. a4 bxa4 51. b5 Kxg5 52. b6 Nd6 53. Nxe5 Rc5 54. Rxa4 Rb5 55. f4+ Kf6 56. Rd4 Ke6 57. Rd1 Rxb6 58. Rh1 Rb7 59. Rh6+ Kd5 60. Nd3 Ne4+ 61. Ke3 Rg7 62. Ne5 Rg3+ 63. Nf3 Rg7 64. Rh5 Ng3 65. Rh6 Ra7 66. Ne5 Ne4 67. Rh5 Nd6 68. Nd3 Nc4+ 69. Kf3 Nd6 70. Nf2 Ra3+ 71. e3 Ra7 72. e4+ Kd4 73. exf5 Rf7 74. Kg4 h6 75. Nh1 Ke3 76. Rh3+ 1-0